Premodern Japan : a historical survey /

Dades bibliogràfiques
Autor principal: Hane, Mikiso
Altres autors: Perez, Louis G.
Format: Llibre
Idioma:English
Publicat: New York : Taylor & Francis Group, 2015.
Edició:Second edition.
Matèries:
Classic Catalogue: View this record in Classic Catalogue
LEADER 01708nam a2200385 i 4500
001 45800
003 BD-DhAAL
005 20260519103128.0
008 260519t2015 coub b 001 0 eng
010 |a  2014032427 
020 |a 9780813349657 
020 |a 9780813349657 
020 |z 9780813349701 (e-book : alk. paper) 
035 |a 18318005 
040 |a DLC  |b eng  |c DLC  |e rda  |d DLC  |d BD-DhAAL 
042 |a pcc 
043 |a a-ja--- 
050 0 0 |a DS850  |b .H36 2015 
082 0 0 |a 952  |2 23 
100 1 |a Hane, Mikiso.  |9 60863 
245 1 0 |a Premodern Japan :  |b a historical survey /  |c Mikiso Hane and Louis G. Perez. 
246 3 |a Premodern Japan 
250 |a Second edition. 
260 |a New York :  |b Taylor & Francis Group,  |c 2015. 
300 |a xviii, 395 pages :  |b illustrations, maps ;  |c 23 cm 
500 |a First published 2015 
504 |a Includes bibliographical references (pages 327-377) and index. 
526 8 |a AAL 
541 1 |a Donated by Embassy of Japan in Bangladesh, Read Japan Project 2025, The Tokyo Foundation, supported by The Nippon Foundation.  |e 45800 
651 0 |a Japan  |x History  |y To 1868.  |9 60864 
700 1 |a Perez, Louis G.  |9 60865 
852 1 |a Ayesha Abed Library  |c General Stacks 
942 |2 ddc  |c BK 
999 |c 47984  |d 47984 
952 |0 0  |1 0  |2 ddc  |4 0  |6 952_000000000000000_HAN  |7 0  |9 79231  |a BRACUL  |b BRACUL  |d 2026-05-19  |e Donated by Embassy of Japan in Bangladesh, Read Japan Project 2025, The Tokyo Foundation, supported by The Nippon Foundation.  |l 0  |o 952 HAN  |p 3010045800  |r 2026-05-19  |t 1  |w 2026-05-19  |y BK  |x Donated copy received from Embassy of Japan in Bangladesh, Read Japan Project 2025, The Tokyo Foundation, supported by The Nippon Foundation on 08 April 2026; $34.75 Amazon.com